[Event "Montpellier 73/587"]
[Site "?"]
[Date "1998.??.??"]
[Round "?"]
[White "Tregubov, Pavel V"]
[Black "Epishin, Vladimir"]
[Result "1-0"]
[WhiteElo "2535"]
[BlackElo "2585"]
[PlyCount "87"]
[EventDate "1998.??.??"]
[Source "ChessBase"]
[SourceDate "1998.06.01"]

1. d4 Nf6 2. c4 e6 3. Nf3 b6 4. g3 Ba6 5. Nbd2 d5 6. Bg2 Be7 7. O-O O-O 8. b3 Bb7 9. Bb2 Nbd7 10. cxd5 exd5 11. Ne5 c6 12. e4 dxe4 13. Nxe4 Nd5 14. Rc1 Rc8 15. Bh3 f5 16. Nc3 Nxe5 17. Nxd5 Qxd5 18. Bg2 Qe6 19. Re1 Rfd8 20. Qc2 Bf6 21. dxe5 Be7 22. Rcd1 Rxd1 23. Rxd1 Rd8 24. Rxd8+ Bxd8 25. b4 b5 26. a4 a6 27. axb5 axb5 28. Qc5 h6 29. Qa7 Qe7 30. e6 Bc8 31. Qd4 Bxe6 32. Bxc6 Bc4 33. Bd5+ Bxd5 34. Qxd5+ Kh8 35. Bc3 f4 36. Qxb5 Bc7 37. Qc6 Kh7 38. b5 fxg3 39. hxg3 h5 40. b6 Bb8 41. Qd5 Qe2 42. Qg5 Qd1+ 43. Kh2 Qd7 44. Be5 1-0

[Event "Zhong Hong Real Estate Cup"]
[Site "Beijing"]
[Date "2001.07.30"]
[Round "11"]
[White "Wu Wenjin"]
[Black "Wang Zili"]
[Result "1/2-1/2"]
[WhiteElo "2560"]
[BlackElo "2557"]
[PlyCount "78"]
[EventDate "2001.07.20"]
[Source "ChessBase"]
[SourceDate "2001.11.13"]

1. Nf3 c5 2. c4 Nf6 3. Nc3 e6 4. g3 b6 5. Bg2 Bb7 6. O-O Be7 7. Re1 d5 8. cxd5 exd5 9. d4 O-O 10. Bf4 Nbd7 11. a3 Ne4 12. Rc1 Ndf6 13. Ne5 Re8 14. dxc5 Nxf2 15. Kxf2 Bxc5+ 16. e3 g5 17. Nxf7 Kxf7 18. Bxg5 h6 19. Bf4 Qd7 20. Kg1 d4 21. Bxb7 Qxb7 22. Qb3+ Kg7 23. Na4 Qd5 24. Nxc5 bxc5 25. Qxd5 Nxd5 26. exd4 Nxf4 27. Rxe8 Rxe8 28. gxf4 cxd4 29. Rc7+ Kf6 30. Rxa7 Kf5 31. Kf2 Kxf4 32. Rf7+ Ke4 33. Ke2 Rb8 34. b4 Rc8 35. Re7+ Kd5 36. a4 Rc2+ 37. Kd3 Rc3+ 38. Kd2 Ra3 39. a5 Kc4 1/2-1/2

[Event "Aeroflot Open 2008"]
[Site "Moscu RUS"]
[Date "2008.02.17"]
[Round "4.19"]
[White "Pavlovic, Milos"]
[Black "Azarov, Sergei"]
[Result "1/2-1/2"]
[WhiteElo "2522"]
[BlackElo "2594"]
[PlyCount "48"]
[EventDate "2008.02.14"]
[Source "www.chesslib.no"]
[SourceDate "2004.05.04"]

1. Nf3 Nf6 2. c4 e6 3. b3 b6 4. g3 Bb7 5. Bg2 d5 6. Bb2 Nbd7 7. O-O Be7 8. cxd5 exd5 9. d4 O-O 10. Nc3 Re8 11. Qc2 a6 12. Rac1 Bd6 13. Rfd1 Qe7 14. e3 Rad8 15. a3 g6 16. Ne2 c5 17. dxc5 Nxc5 18. b4 Nce4 19. Nc3 a5 20. Nxe4 dxe4 21. Nd2 axb4 22. axb4 Bxb4 23. Bxf6 Qxf6 24. Nxe4 Bxe4 1/2-1/2

[Event "Keres mem"]
[Site "Tallinn"]
[Date "1983.??.??"]
[Round "14"]
[White "Suba, Mihai"]
[Black "Psakhis, Lev"]
[Result "1-0"]
[WhiteElo "2535"]
[BlackElo "2580"]
[PlyCount "88"]
[EventDate "1983.02.??"]
[Source "ChessBase"]

1. c4 Nf6 2. Nf3 b6 3. g3 Bb7 4. Bg2 e6 5. O-O Be7 6. b3 O-O 7. Nc3 d5 8. cxd5 exd5 9. d4 Na6 10. Bb2 c5 11. Rc1 Re8 12. Qc2 Bf8 13. Rfd1 h6 14. Qb1 Qe7 15. e3 Rad8 16. Ne5 Nc7 17. Ne2 Ne6 18. g4 cxd4 19. Nxd4 Nxd4 20. Bxd4 Ne4 21. f3 Nc5 22. Bf1 Rc8 23. Kg2 Red8 24. Re1 Qe8 25. b4 Ne6 26. Bd3 Bd6 27. a3 Ng5 28. f4 Ne4 29. Qb2 Qe6 30. h3 Bb8 31. Qa2 f6 32. Bxe4 fxe5 33. Bf5 Qe7 34. Bxc8 Bxc8 35. Rxc8 Rxc8 36. Qxd5+ Kh8 37. Bxe5 Rc2+ 38. Kg3 Bxe5 39. fxe5 Qf8 40. Qf3 Qe7 41. Qf5 Qc7 42. Rd1 Rc3 43. Qf8+ Kh7 44. Qf5+ Kh8 1-0

[Event "New York op"]
[Site "New York"]
[Date "1997.??.??"]
[Round "?"]
[White "Vaganian, Rafael A"]
[Black "Pushkov, Nikolai"]
[Result "1-0"]
[WhiteElo "2585"]
[BlackElo "2525"]
[PlyCount "145"]
[EventDate "1997.04.02"]
[Source "ChessBase"]

1. Nf3 Nf6 2. g3 b6 3. Bg2 Bb7 4. c4 e6 5. O-O Be7 6. Nc3 O-O 7. Re1 d5 8. cxd5 exd5 9. d4 c5 10. dxc5 bxc5 11. Nh4 Qd7 12. e4 Nxe4 13. Nxe4 dxe4 14. Qxd7 Nxd7 15. Nf5 Rfe8 16. Nxe7+ Rxe7 17. Be3 Rc8 18. Red1 Nf8 19. Rac1 Ne6 20. Bxc5 Rec7 21. Be3 Rxc1 22. Rxc1 Rxc1+ 23. Bxc1 Kf8 24. Be3 a6 25. Kf1 Ke7 26. Ke2 Bd5 27. b3 Kd6 28. Kd2 f5 29. Bf1 Bb7 30. Ba7 g5 31. Bb8+ Kc5 32. Bc4 Bc8 33. Ke3 g4 34. a3 Kb6 35. Bf4 Kc6 36. b4 h5 37. Bh6 Kd6 38. Bf4+ Kc6 39. a4 Kb6 40. Be5 Kc6 41. Bf6 Kd6 42. Bf1 Bb7 43. h4 Bc8 44. Bd4 Kd5 45. Ba7 f4+ 46. gxf4 Ng7 47. Kd2 Nf5 48. Kc3 Nxh4 49. Bc4+ Kc6 50. b5+ axb5 51. axb5+ Kc7 52. Bd5 Bb7 53. Bf7 Ng2 54. Bxh5 Nxf4 55. Bxg4 Nd3 56. Be3 Ne1 57. Kd4 Kb6 58. Kc4+ Kc7 59. Bf5 Nd3 60. Kd4 Ne1 61. Bg6 Kb6 62. Kc4+ Kc7 63. Bf7 Nf3 64. Bd5 Nh4 65. Bxb7 Kxb7 66. Kd5 Nf5 67. Ke5 Ng7 68. Kxe4 Ne8 69. Ke5 Nc7 70. b6 Nb5 71. f4 Kc6 72. f5 Nd6 73. Ke6 1-0

[Event "FRG-ch International"]
[Site "Munich"]
[Date "1979.??.??"]
[Round "?"]
[White "Huebner, Robert"]
[Black "Pachman, Ludek"]
[Result "1/2-1/2"]
[WhiteElo "2595"]
[BlackElo "2510"]
[PlyCount "50"]
[EventDate "1979.02.??"]
[Source "ChessBase"]

1. c4 Nf6 2. Nf3 e6 3. g3 d5 4. Bg2 Be7 5. d4 Nbd7 6. O-O O-O 7. b3 b6 8. Bb2 Bb7 9. Nbd2 c5 10. Rc1 Rc8 11. e3 dxc4 12. Nxc4 b5 13. Nce5 Nxe5 14. Nxe5 Bxg2 15. Kxg2 Qd5+ 16. Qf3 c4 17. bxc4 bxc4 18. Rc2 Rc7 19. Kg1 Rfc8 20. Bc3 Bd6 21. Qxd5 exd5 22. Rb1 Ne4 23. Rb5 Nxc3 24. Rxc3 Bxe5 25. dxe5 Rc5 1/2-1/2

[Event "XVI Carlos Torre Mem KO"]
[Site "Merida"]
[Date "2003.12.20"]
[Round "4.1"]
[White "Filippov, Valerij"]
[Black "Quezada, Yuniesky"]
[Result "1/2-1/2"]
[WhiteElo "2630"]
[BlackElo "2475"]
[PlyCount "117"]
[EventDate "2003.12.18"]
[Source "Roberto Alvarez"]
[SourceDate "2003.12.22"]

1. Nf3 Nf6 2. c4 b6 3. g3 e6 4. Bg2 Bb7 5. O-O Be7 6. Nc3 O-O 7. Re1 d5 8. cxd5 exd5 9. d4 c5 10. Bf4 Na6 11. Ne5 Ne4 12. Nxe4 dxe4 13. dxc5 Nxc5 14. Qc2 Qc8 15. Red1 g5 16. Be3 Qe6 17. Bxc5 Bxc5 18. Nd7 Rfc8 19. Qb3 Qf5 20. Nxc5 Rxc5 21. Rd4 Rac8 22. Qe3 Re5 23. Rad1 Rc2 24. Rd7 Ba6 25. R7d2 Rxd2 26. Rxd2 Bb7 27. Rd8+ Kg7 28. Qd4 Qf6 29. g4 Re6 30. e3 Rc6 31. h3 Qxd4 32. Rxd4 Rc1+ 33. Kh2 Rc2 34. Kg3 Rxb2 35. Rd7 Bc6 36. Rxa7 Kf6 37. Bf1 Bb5 38. Bxb5 Rxb5 39. h4 h6 40. h5 Ra5 41. Rb7 b5 42. Rb6+ Kg7 43. Kg2 Rxa2 44. Rxb5 Ra4 45. Re5 Kf6 46. Re8 Kg7 47. Rd8 Kf6 48. Rd6+ Kg7 49. Kg3 Rb4 50. Rd4 Rxd4 51. exd4 f6 52. f3 e3 53. Kg2 f5 54. gxf5 Kf6 55. Kf1 Kxf5 56. Ke1 g4 57. Ke2 gxf3+ 58. Kxf3 e2 59. Kxe2 1/2-1/2

[Event "JUG-chT"]
[Site "Niksic"]
[Date "1997.??.??"]
[Round "6"]
[White "Strikovic, Aleksa"]
[Black "Damljanovic, Branko"]
[Result "1/2-1/2"]
[WhiteElo "2560"]
[BlackElo "2540"]
[PlyCount "23"]
[EventDate "1997.08.27"]
[Source "ChessBase"]
[SourceDate "1997.09.26"]

1. Nf3 Nf6 2. g3 b6 3. Bg2 Bb7 4. O-O e6 5. c4 Be7 6. Nc3 O-O 7. Re1 d5 8. cxd5 exd5 9. d4 Na6 10. Bf4 c5 11. Rc1 Ne4 12. dxc5 1/2-1/2